000 00276nam a22001337a 4500
008 180316b xxu||||| |||| 00| 0 eng d
020 _a0534490344
041 _aeng
080 _a575
100 _a5
101 _aBIOK
245 _aBiochemistry
_cGarrett
942 _2udc
_cBK
999 _c45246
_d45246